[Event "Amsterdam Science Park op-C 3rd"]
[Site "Amsterdam"]
[Date "2013.07.11"]
[Round "6"]
[White "Smith, Jack"]
[Black "Suyderhoud, Wim"]
[Result "0-1"]
[WhiteElo "1700"]
[BlackElo "1732"]
[PlyCount "124"]
[EventDate "2013.07.06"]
[EventType "swiss"]
[EventRounds "9"]
[EventCountry "NED"]
[SourceTitle "CBM 155 Extra"]
[Source "ChessBase"]
[SourceDate "2013.08.26"]
[SourceVersion "1"]
[SourceVersionDate "2013.08.26"]
[SourceQuality "1"]

1. e4 d5 2. exd5 Nf6 3. d4 Nxd5 4. c4 Nb6 5. Be3 g6 6. Bd3 Bg7 7. Ne2 Nc6 8. c5 Nd5 9. Nbc3 Ncb4 10. Bb1 0-0 11. 0-0 c6 12. Qd2 Nxe3 13. fxe3 Bh6 14. Rf3 Be6 15. Qe1 Nd5 16. Nd1 Qc7 17. Qh4 Bg7 18. g4 Nf6 19. Nf2 Bd5 20. Rh3 e5 21. Ng3 exd4 22. g5 Nh5 23. Nxh5 gxh5 24. Bxh7+ Kh8 25. Qxh5 Rfe8 26. e4 Be6 27. Rh4 Qe7 28. Nd3 Bc4 29. Nf4 Qxc5 30. Ng6+ fxg6 31. Bxg6+ Kg8 32. Qh7+ Kf8 33. Rf4+ Ke7 34. Qxg7+ Kd8 35. Qf6+ Kc7 36. Rf5 Qb4 37. Qxd4 Rad8 38. Qxa7 Rxe4 39. Qa5+ Qxa5 40. Rxa5 Rg4+ 41. Kf2 Rd2+ 42. Kf3 Rgg2 43. h4 Bd5+ 44. Rxd5 cxd5 45. Rf1 Rxb2 46. Kf4 Rb4+ 47. Kf3 Rgg4 48. Bh7 Rxh4 49. g6 Rbf4+ 50. Ke2 Rxf1 51. Kxf1 Rg4 52. Bg8 Kd6 53. Bf7 d4 54. Ke2 Ke5 55. Kf3 Rg1 56. Kf2 Rg5 57. Kf3 b6 58. Be8 d3 59. Bf7 Kd4 60. Kf4 Rg1 61. Kf5 d2 62. Bb3 d1Q 0-1

[Event "Amsterdam Science Park op-C 3rd"]
[Site "Amsterdam"]
[Date "2013.07.08"]
[Round "3"]
[White "Suyderhoud, Wim"]
[Black "Duivenvoorden, Ben"]
[Result "1-0"]
[WhiteElo "1732"]
[BlackElo "1662"]
[PlyCount "135"]
[EventDate "2013.07.06"]
[EventType "swiss"]
[EventRounds "9"]
[EventCountry "NED"]
[SourceTitle "CBM 155 Extra"]
[Source "ChessBase"]
[SourceDate "2013.08.26"]
[SourceVersion "1"]
[SourceVersionDate "2013.08.26"]
[SourceQuality "1"]

1. d4 Nf6 2. Bg5 e6 3. e4 d6 4. Nc3 Nbd7 5. Nf3 Be7 6. Bd3 e5 7. d5 h6 8. Be3 g5 9. h3 Nf8 10. Bb5+ Bd7 11. Qd3 c6 12. dxc6 bxc6 13. Ba4 Ne6 14. g3 Qc7 15. Qa6 g4 16. hxg4 Nxg4 17. Qd3 Nxe3 18. Qxe3 Ng5 19. 0-0-0 Qc8 20. Nxg5 Bxg5 21. f4 exf4 22. gxf4 Be7 23. Rdg1 Qc7 24. Qd4 0-0-0 25. Rg7 Be6 26. Bb3 Bxb3 27. axb3 Bf8 28. Rg2 Rh7 29. Qc4 Bg7 30. Rhg1 Bf6 31. Qa6+ Qb7 32. Qe2 Bd4 33. Rh1 a6 34. Rgh2 Rdh8 35. e5 dxe5 36. fxe5 Re8 37. Qe4 Bxc3 38. Qxh7 Bxe5 39. Qf5+ Qd7 40. Qxd7+ Kxd7 41. Rf2 Re7 42. Rxh6 f6 43. c3 Kd6 44. Kc2 Re6 45. Rh8 Kc7 46. Rh7+ Kb6 47. Rd2 Rd6 48. Rxd6 Bxd6 49. Kd3 a5 50. Kc4 Bf4 51. b4 axb4 52. Kxb4 Be3 53. Rf7 Bg5 54. Kc4 Bh4 55. Rf8 Kc7 56. b4 Kd7 57. b5 cxb5+ 58. Kxb5 Ke7 59. Rh8 Be1 60. c4 Kd7 61. Kc5 Bc3 62. Kd5 Be5 63. Rh7+ Kc8 64. c5 Bc3 65. Kc6 Kb8 66. Kb6 f5 67. Rf7 Be5 68. Rf8# 1-0